000 00674nam a22001937a 4500
005 20251108171113.0
008 250721s1986 xx 000 0 ara d
082 1 4 _a214.2/دنى
100 1 _aإبن أبي الدنيا، عبد الله بن محمد بن عبيد
245 1 0 _aكتاب من عاش بعد الموت :
_bحديث في شرح الصدور /
264 1 _aبيروت :
_bعالم الكتب،
_c1986.
300 _a151ص.
650 1 7 _aأصول الدين الإسلامي
650 1 7 _aالحديث الشريف
650 1 7 _aالوفاة
700 1 _aالدرويش، عبد الله محمد
_eتحقيق
942 _2ddc
_cBK
999 _c56710
_d56710